000 00352nam a22001457a 4500
003 OSt
005 20251021083744.0
008 251021b |||||||| |||| 00| 0 eng d
040 _cLONGMAN
050 _aRJ 131 .M33 2003
245 _aSARA
_bHEALTHY LIVES
_cUNICEF
250 _a1ST EDITION
260 _aNAIROBI,KENYA
_bLONGMAN
_c1997
942 _2lcc
_cBK
_n0
999 _c9663
_d9663